000 00473cam a2200193ua 4500
020 _c9.00
041 _aeng
_h
082 _a519.02462
_bNAR/MA
100 _aNarayanan, S .
245 _aMathematics for the engineering course /
_cS Narayanan.
_hTextual Documents
250 _a1 /
_b.
260 _aMadras :
_bCentral Art press ,
_c1962.
300 _a267 ; .
365 _a9.00
504 _a
942 _cBK
999 _c9840
_d9840